000 00870cpcaa22002537a 4500
001 mm 80005789
003 DLC
005 20260227111703.0
008 800129|||||||||||| eng
010 _amm 80005789
040 _aDLC
_cDLC
_edacs
_dDLC
072 7 _aL
_2lcmd
100 1 _aWillard, Frances E.
_q(Frances Elizabeth),
_d1839-1898.
245 0 0 _aFrances Elizabeth Willard correspondence,
_f1889-1897.
300 _a18
_fitems.
506 0 _aOpen to research.
545 0 _aReformer and educator.
546 _aCollection material in English.
580 _aForms part of: Miscellaneous Manuscripts collection.
656 7 _aEducators.
_2itoamc
656 7 _aReformers.
_2itoamc
999 _c42809
_d42809